Library Banner

(نظریہ پاکستان ، اساس و نفاذ)Nazriya-e-Pakistan, asas-o-nafaz (Urdu) (Record no. 66965)

MARC details
000 -LEADER
fixed length control field 00615nam a2200193Ia 4500
001 - CONTROL NUMBER
control field 64921
003 - CONTROL NUMBER IDENTIFIER
control field OSt
005 - DATE AND TIME OF LATEST TRANSACTION
control field 20160404115409.0
008 - FIXED-LENGTH DATA ELEMENTS--GENERAL INFORMATION
fixed length control field 150303s9999 xx 000 0 und d
020 ## - INTERNATIONAL STANDARD BOOK NUMBER
International Standard Book Number NA
040 ## - CATALOGING SOURCE
Transcribing agency PK-LaUMT
082 ## - DEWEY DECIMAL CLASSIFICATION NUMBER
Classification number 320.95491
Item number WAJ-N
100 ## - MAIN ENTRY--PERSONAL NAME
Personal name Wajid Rizvi, Syed
245 ## - TITLE STATEMENT
Title (نظریہ پاکستان ، اساس و نفاذ)Nazriya-e-Pakistan, asas-o-nafaz (Urdu)
Statement of responsibility, etc (واجد، رضوی، سید)Wajid Rizvi, Syed
260 ## - PUBLICATION, DISTRIBUTION, ETC. (IMPRINT)
Place of publication, distribution, etc (لاہور،پاکستان)Lahore,Pakistan:
Name of publisher, distributor, etc (مقبول اکیدمی)Maqbool Academy,
Date of publication, distribution, etc 2012
300 ## - PHYSICAL DESCRIPTION
Extent 108 p.
546 ## - LANGUAGE NOTE
Language note UR
942 ## - ADDED ENTRY ELEMENTS (KOHA)
Koha item type Books
Source of classification or shelving scheme Dewey Decimal Classification
Holdings
Withdrawn status Lost status Damaged status Not for loan Home library Current library Date acquired Total Checkouts Full call number Barcode Date last seen Price effective from Koha item type
        UMT Main Campus UMT Main Campus 2015-03-03   320.95491 WAJ-N 89043 2015-03-03 2015-03-03 Books